000 00884nam a22002057a 4500
003 OSt
005 20260130055337.0
008 260129b |||||||| |||| 00| 0 eng d
020 _a9789715813426
040 _aDWCL GS library
_cOC
082 _aPB 390.08 2021
100 _aBaldos, Rick
245 _aChildren around the world
_bfull color edition
260 _aManila, Philippines
_bPhilippine Publishing house
_cc2021
300 _a191
_billustrations
_c26cm
520 _aChildren around the world is a collection of 32 real-life stories of children in their best and worst. From heroic deeds of courage to triumph, these stories will enthrall as well as instruct. In this adventuresome book are timeless truths teen will need growing up
546 _aEnglish
700 _aRick Baldos
942 _2ddc
_cFIC.
_hPB 390.08 C536 2021
_n0
999 _c7928
_d7928